[Event "BCF-chT3E 2223 (4NCL)"]
[Site "England"]
[Date "2023.03.26"]
[Round "8.31"]
[White "Tippleston, Charles E"]
[Black "Salmons, Calum"]
[Result "0-1"]
[WhiteElo "2058"]
[BlackElo "1959"]
[PlyCount "74"]
[EventDate "2022.11.05"]
[EventType "team-tourn"]
[EventRounds "11"]
[EventCountry "ENG"]
[SourceTitle "EXT 2024"]
[Source "ChessBase"]
[SourceDate "2023.10.10"]
[SourceVersion "1"]
[SourceVersionDate "2023.10.10"]
[SourceQuality "1"]
[WhiteTeam "MK Phoenix"]
[BlackTeam "Sussex Martlets II"]
[WhiteTeamCountry "ENG"]
[BlackTeamCountry "ENG"]

1. e4 c5 2. Nf3 d6 3. Bb5+ Nd7 4. a4 Ngf6 5. Nc3 g6 6. 0-0 Bg7 7. Re1 a6 8. Bf1 b6 9. d4 cxd4 10. Nxd4 Bb7 11. f3 0-0 12. Be3 Rc8 13. Qd2 Re8 14. Bh6 Bh8 15. Rad1 Ne5 16. h4 Nc4 17. Bxc4 Rxc4 18. Qf2 Qc7 19. Rd3 Nd7 20. h5 Nc5 21. Rdd1 Nxa4 22. Nxa4 Rxa4 23. c3 Ra5 24. hxg6 hxg6 25. Be3 Rh5 26. g4 Rh7 27. Ne2 b5 28. Nf4 Bf6 29. Re2 Kg7 30. Nd5 Bxd5 31. Rxd5 Reh8 32. Qg2 Qc4 33. Rdd2 b4 34. g5 Be5 35. Bd4 Bxd4+ 36. Rxd4 Rh1+ 37. Kf2 Qc5 0-1

[Event "BCF-chT3E 2223 (4NCL)"]
[Site "England"]
[Date "2022.11.06"]
[Round "2.41"]
[White "Brown, Thomas"]
[Black "Tippleston, Charles E"]
[Result "0-1"]
[WhiteElo "2104"]
[BlackElo "2059"]
[PlyCount "88"]
[EventDate "2022.11.05"]
[EventType "team-tourn"]
[EventRounds "11"]
[EventCountry "ENG"]
[SourceTitle "EXT 2024"]
[Source "ChessBase"]
[SourceDate "2023.10.10"]
[SourceVersion "1"]
[SourceVersionDate "2023.10.10"]
[SourceQuality "1"]
[WhiteTeam "Rhyfelwyr Essyllwg"]
[BlackTeam "MK Phoenix"]
[WhiteTeamCountry "ENG"]
[BlackTeamCountry "ENG"]

1. d4 Nf6 2. Bg5 e6 3. e4 h6 4. Bxf6 Qxf6 5. Nc3 Bb4 6. Qd3 c5 7. e5 Qd8 8. a3 Bxc3+ 9. bxc3 Qa5 10. Qd2 Nc6 11. Nf3 b6 12. Bc4 Bb7 13. d5 Ne7 14. d6 Nd5 15. Bxd5 Bxd5 16. c4 Bxc4 17. Qxa5 bxa5 18. Nd2 Bd5 19. c4 Bc6 20. Nb3 0-0 21. 0-0 Rab8 22. Nxc5 Rb2 23. f3 Rfb8 24. Rf2 f6 25. exf6 gxf6 26. Nd3 R2b3 27. Nc5 R3b6 28. Rd2 Kf7 29. Re1 Rb2 30. Ree2 Rb1+ 31. Kf2 Ra1 32. Re3 a4 33. Kg3 Rc1 34. Rd4 Rg8+ 35. Kh3 Rc2 36. g4 e5 37. Rdd3 Rxc4 38. Rc3 Rd4 39. Rcd3 Rxd3 40. Rxd3 Rb8 41. Kg3 Rb2 42. h3 Re2 43. Ne4 Bxe4 44. fxe4 Rb2 0-1

[Event "BCF-chT3Sa 1819 (4NCL)"]
[Site "England"]
[Date "2019.01.12"]
[Round "3.21"]
[White "Tippleston, Charles E"]
[Black "Rice, Christopher"]
[Result "1/2-1/2"]
[WhiteElo "2098"]
[BlackElo "1998"]
[PlyCount "84"]
[EventDate "2018.11.17"]
[EventType "team-tourn"]
[EventRounds "7"]
[EventCountry "ENG"]
[SourceTitle "EXT 2021"]
[Source "ChessBase"]
[SourceDate "2020.10.23"]
[SourceVersion "1"]
[SourceVersionDate "2020.10.23"]
[SourceQuality "1"]
[WhiteTeam "MK Phoenix"]
[BlackTeam "CSC II"]
[WhiteTeamCountry "ENG"]
[BlackTeamCountry "ENG"]

1. e4 e5 2. Bc4 Nf6 3. d3 Nc6 4. Nf3 Be7 5. 0-0 0-0 6. Re1 d6 7. c3 Na5 8. Nbd2 a6 9. Nf1 b5 10. Bb3 Nxb3 11. axb3 Bb7 12. Ng3 Re8 13. b4 h6 14. h3 Bf8 15. Nf5 c5 16. bxc5 dxc5 17. Qc2 Qc7 18. c4 bxc4 19. Qxc4 Qb6 20. Be3 Bc6 21. Qc3 Nd7 22. Rec1 Bb5 23. Kh2 Kh7 24. Nd2 Qe6 25. Nc4 g6 26. Ng3 Rac8 27. Qd2 Nb8 28. Na3 Red8 29. Nxb5 axb5 30. Qc3 Na6 31. Qa5 Nb4 32. Qxb5 Nxd3 33. Rc2 Qd7 34. Qc4 Qe6 35. Qxe6 fxe6 36. Ra7+ Kg8 37. Rd2 Rb8 38. Ra2 c4 39. Re2 Rd7 40. Rd2 Rdb7 41. Ne2 Nxb2 42. Rc2 Nd1 1/2-1/2

[Event "BCF-chT3S 1617 (4NCL) Promotion pool"]
[Site "England"]
[Date "2017.04.30"]
[Round "10.41"]
[White "Tippleston, Charles E"]
[Black "Hall, John"]
[Result "0-1"]
[WhiteElo "2097"]
[BlackElo "2222"]
[PlyCount "92"]
[EventDate "2016.11.26"]
[EventType "team-tourn"]
[EventRounds "11"]
[EventCountry "ENG"]
[SourceTitle "EXT 2019"]
[Source "ChessBase"]
[SourceDate "2018.10.10"]
[SourceVersion "1"]
[SourceVersionDate "2018.10.10"]
[SourceQuality "1"]
[WhiteTeam "MK Phoenix"]
[BlackTeam "Leeds University Old Boys"]
[WhiteTeamCountry "ENG"]
[BlackTeamCountry "ENG"]

1. e4 c5 2. Nf3 d6 3. Bb5+ Nd7 4. d4 cxd4 5. Qxd4 a6 6. Bxd7+ Bxd7 7. c4 Rc8 8. Nc3 e5 9. Qd3 Qc7 10. b3 b5 11. Nd2 Nf6 12. 0-0 Be7 13. Bb2 Qb7 14. Rfc1 0-0 15. cxb5 axb5 16. a3 Bc6 17. f3 Rfd8 18. Qe2 Nh5 19. Rd1 Nf4 20. Qf1 Qb6+ 21. Kh1 Qe3 22. Ndb1 Ne6 23. Ra2 Qb6 24. Bc1 Qb7 25. Nd5 Nd4 26. Rb2 Bxd5 27. exd5 Qxd5 28. Be3 Qc6 29. Bxd4 exd4 30. Nd2 d5 31. Rbb1 Bxa3 32. Qd3 Qb6 33. Nf1 Bc5 34. Ng3 g6 35. Ne2 Re8 36. b4 Bf8 37. Nxd4 Rc4 38. Nc2 d4 39. Na3 Rxb4 40. Rxb4 Bxb4 41. Qxb5 Qxb5 42. Nxb5 d3 43. Nd4 d2 44. Nc2 Re1+ 45. Nxe1 dxe1Q+ 46. Rxe1 Bxe1 0-1

[Event "BCF-chT3Sa 1617 (4NCL)"]
[Site "England"]
[Date "2017.01.14"]
[Round "3.42"]
[White "Jones, Christopher M"]
[Black "Tippleston, Charles E"]
[Result "1/2-1/2"]
[WhiteElo "2114"]
[BlackElo "2108"]
[PlyCount "57"]
[EventDate "2016.11.26"]
[EventType "team-tourn"]
[EventRounds "11"]
[EventCountry "ENG"]
[SourceTitle "EXT 2019"]
[Source "ChessBase"]
[SourceDate "2018.10.10"]
[SourceVersion "1"]
[SourceVersionDate "2018.10.10"]
[SourceQuality "1"]
[WhiteTeam "The Rookies"]
[BlackTeam "MK Phoenix"]
[WhiteTeamCountry "ENG"]
[BlackTeamCountry "ENG"]

1. e4 c5 2. Nc3 e6 3. g3 d5 4. Bg2 Nf6 5. d3 dxe4 6. Nxe4 Be7 7. Ne2 0-0 8. 0-0 Nc6 9. Be3 Qa5 10. Qd2 Qxd2 11. Bxd2 Nxe4 12. dxe4 b6 13. e5 Bb7 14. f4 Rfd8 15. Bc3 Rd7 16. f5 exf5 17. Rxf5 Rad8 18. Raf1 c4 19. Kh1 Bc5 20. g4 Nb4 21. Bxb7 Rxb7 22. Bxb4 Bxb4 23. R5f4 b5 24. Nd4 Re8 25. Re4 Bc5 26. e6 fxe6 27. Nxe6 Rbe7 28. Rfe1 Bd6 29. Ng5 1/2-1/2

[Event "BCF-chT2d 1415 (4NCL) Demotion pool"]
[Site "England"]
[Date "2015.05.04"]
[Round "11.27"]
[White "Trevelyan, John"]
[Black "Tippleston, Charles E"]
[Result "1/2-1/2"]
[WhiteElo "2112"]
[BlackElo "2130"]
[PlyCount "63"]
[EventDate "2015.03.29"]
[EventType "team-tourn"]
[EventRounds "11"]
[EventCountry "ENG"]
[SourceTitle "EXT 2016"]
[Source "ChessBase"]
[SourceDate "2015.10.08"]
[SourceVersion "1"]
[SourceVersionDate "2015.10.08"]
[SourceQuality "1"]
[WhiteTeam "Rhyfelwyr Essyllwg"]
[BlackTeam "MK Phoenix"]
[WhiteTeamCountry "ENG"]
[BlackTeamCountry "ENG"]

1. e4 c5 2. c3 d5 3. d3 Nc6 4. Nf3 dxe4 5. dxe4 Qxd1+ 6. Kxd1 Bg4 7. Nbd2 0-0-0 8. Kc2 Nf6 9. Ng5 Bh5 10. f3 Bg6 11. Nh3 Nd5 12. Nc4 e6 13. Ne3 Bd6 14. Bc4 Bc7 15. Rd1 Nb6 16. g3 Rxd1 17. Kxd1 Nxc4 18. Nxc4 f5 19. exf5 exf5 20. Bf4 Bf7 21. Ne3 Bxf4 22. Nxf4 g6 23. Nd3 Re8 24. Kd2 Ne5 25. Nxe5 Rxe5 26. f4 Re7 27. a3 Kc7 28. Re1 Kc6 29. Nf1 Rxe1 30. Kxe1 a5 31. Nd2 Bd5 32. Kf2 1/2-1/2

[Event "BCF-chT2b 1415 (4NCL)"]
[Site "England"]
[Date "2015.01.11"]
[Round "4.15"]
[White "O'Toole, George E"]
[Black "Tippleston, Charles E"]
[Result "1-0"]
[WhiteElo "2246"]
[BlackElo "2121"]
[PlyCount "49"]
[EventDate "2014.11.15"]
[EventType "team-tourn"]
[EventRounds "7"]
[EventCountry "ENG"]
[SourceTitle "EXT 2016"]
[Source "ChessBase"]
[SourceDate "2015.10.08"]
[SourceVersion "1"]
[SourceVersionDate "2015.10.08"]
[SourceQuality "1"]
[WhiteTeam "Barbican Youth"]
[BlackTeam "MK Phoenix"]
[WhiteTeamCountry "ENG"]
[BlackTeamCountry "ENG"]

1. e4 c5 2. c3 d5 3. exd5 Qxd5 4. d4 Nf6 5. Nf3 Nc6 6. dxc5 Qxd1+ 7. Kxd1 Bf5 8. Bb5 e5 9. b4 a5 10. a3 axb4 11. cxb4 0-0-0+ 12. Bd2 Ne4 13. Ke1 Nxd2 14. Nbxd2 Be7 15. Nc4 Kc7 16. Rd1 Rxd1+ 17. Kxd1 Rd8+ 18. Kc1 e4 19. Bxc6 bxc6 20. Nfd2 Be6 21. Rd1 Rd4 22. Nd6 Bd5 23. Nf5 Bf6 24. Nxd4 Bxd4 25. Nxe4 1-0

[Event "4NCL-ch rapid"]
[Site "Daventry"]
[Date "2014.10.05"]
[Round "2.9"]
[White "Tippleston, Charles E"]
[Black "Poobalasingam, Peter"]
[Result "0-1"]
[WhiteElo "2121"]
[BlackElo "2239"]
[PlyCount "54"]
[EventDate "2014.10.05"]
[EventType "swiss (rapid)"]
[EventRounds "7"]
[EventCountry "ENG"]
[SourceTitle "CBM 162 Extra"]
[Source "ChessBase"]
[SourceDate "2014.10.17"]
[SourceVersion "1"]
[SourceVersionDate "2014.10.17"]
[SourceQuality "1"]

1. e4 e5 2. Nf3 d6 3. d4 Nd7 4. Nc3 Be7 5. Bc4 Ngf6 6. 0-0 0-0 7. Re1 c6 8. Bb3 Qc7 9. a4 a5 10. d5 Nc5 11. Bc4 Bg4 12. h3 Bh5 13. Bg5 Rfe8 14. Qe2 Bg6 15. Nd2 Nxd5 16. Nxd5 cxd5 17. Bxe7 dxc4 18. Bg5 Ne6 19. Be3 Rac8 20. Ra3 Nd4 21. Qd1 Qc6 22. Nb1 Qxe4 23. Nc3 Qxc2 24. Nb5 Nxb5 25. Qxc2 Bxc2 26. axb5 a4 27. Rc3 Bb3 0-1

[Event "BCF-chT3 1314 (4NCL)"]
[Site "England"]
[Date "2014.03.22"]
[Round "7.76"]
[White "Tippleston, Charles E"]
[Black "Dargan, Paul AG"]
[Result "1-0"]
[WhiteElo "2120"]
[BlackElo "2163"]
[PlyCount "61"]
[EventDate "2013.11.16"]
[EventType "team-swiss"]
[EventRounds "11"]
[EventCountry "ENG"]
[SourceTitle "EXT 2015"]
[Source "ChessBase"]
[SourceDate "2014.11.20"]
[SourceVersion "1"]
[SourceVersionDate "2014.11.20"]
[SourceQuality "1"]
[WhiteTeam "MK Phoenix"]
[BlackTeam "North East England"]
[WhiteTeamCountry "ENG"]
[BlackTeamCountry "ENG"]

1. e4 c5 2. Nf3 g6 3. Bc4 Bg7 4. 0-0 Nc6 5. c3 e5 6. d4 cxd4 7. cxd4 exd4 8. Qb3 Qe7 9. Bg5 Bf6 10. Bf4 d6 11. Nbd2 Be6 12. Bxe6 fxe6 13. e5 dxe5 14. Nxe5 Bxe5 15. Bxe5 Nf6 16. Bxf6 Qxf6 17. Qxb7 0-0 18. Qxc6 Rac8 19. Qe4 Rc5 20. Nf3 Rf5 21. Rae1 Re8 22. Ne5 Rf4 23. Qc6 Re7 24. Nd3 Rh4 25. Re4 Rh6 26. Rfe1 g5 27. Ne5 Qf5 28. Rxd4 Rf6 29. Ng4 Rg6 30. Rd8+ Kg7 31. Rd7 1-0

[Event "BCF-chT3S 1213 (4NCL)"]
[Site "England"]
[Date "2013.02.23"]
[Round "5.107"]
[White "Tippleston, Charles E"]
[Black "Ingram, Keith R"]
[Result "1-0"]
[WhiteElo "2130"]
[BlackElo "2047"]
[PlyCount "121"]
[EventDate "2012.11.03"]
[EventType "team-swiss"]
[EventRounds "6"]
[EventCountry "ENG"]
[SourceTitle "EXT 2014"]
[Source "ChessBase"]
[SourceDate "2013.11.20"]
[SourceVersion "1"]
[SourceVersionDate "2013.11.20"]
[SourceQuality "1"]
[WhiteTeam "FCA Solutions"]
[BlackTeam "Warwicks Select II"]
[WhiteTeamCountry "ENG"]
[BlackTeamCountry "ENG"]

1. e4 c5 2. Nf3 e6 3. c3 d5 4. exd5 Qxd5 5. d4 Nf6 6. Be2 Nc6 7. 0-0 Be7 8. c4 Qd6 9. Nc3 a6 10. dxc5 Qxd1 11. Rxd1 Bxc5 12. Bg5 h6 13. Bxf6 gxf6 14. Ne4 Be7 15. Nd6+ Bxd6 16. Rxd6 Bd7 17. Kf1 Ke7 18. Rdd1 Rac8 19. b3 Rhg8 20. Ne1 Ne5 21. Nc2 Bc6 22. f3 Ng6 23. Kf2 Rcd8 24. g3 f5 25. Nd4 Bd7 26. f4 e5 27. fxe5 Nxe5 28. h3 Bc8 29. Nf3 Nc6 30. a3 a5 31. Rxd8 Rxd8 32. Rd1 Rxd1 33. Bxd1 Kf6 34. h4 Be6 35. Be2 b6 36. Ke3 Ne5 37. Nxe5 Kxe5 38. b4 axb4 39. axb4 Bd7 40. Bf3 Be6 41. c5 bxc5 42. bxc5 f6 43. Bb7 Bc4 44. Bg2 Be6 45. c6 Bc8 46. Bf1 Kd5 47. Bb5 Ke5 48. Bd3 Kd6 49. Kf4 Kxc6 50. Bxf5 Ba6 51. Be4+ Kd6 52. Kf5 Ke7 53. Kg6 Bf1 54. Bf5 Ba6 55. Kxh6 Kf7 56. Bg6+ Kg8 57. Bc2 Kf7 58. Bb3+ Ke7 59. Kg7 Be2 60. Bf7 f5 61. h5 1-0

[Event "BCF-chT2d 1112 (4NCL)"]
[Site "England"]
[Date "2012.05.06"]
[Round "10.25"]
[White "Quillan, Gary"]
[Black "Tippleston, Charles E"]
[Result "1/2-1/2"]
[WhiteElo "2412"]
[BlackElo "2150"]
[PlyCount "72"]
[EventDate "2011.11.12"]
[EventType "team-swiss"]
[EventRounds "11"]
[EventCountry "ENG"]
[SourceTitle "EXT 2013"]
[Source "ChessBase"]
[SourceDate "2012.11.22"]
[SourceVersion "1"]
[SourceVersionDate "2012.11.22"]
[SourceQuality "1"]
[WhiteTeam "3CS Oldham"]
[BlackTeam "FCA Solutions"]
[WhiteTeamCountry "ENG"]
[BlackTeamCountry "ENG"]

1. e4 c5 2. Nf3 e6 3. c3 Nf6 4. e5 Nd5 5. d4 cxd4 6. cxd4 b6 7. Nc3 Nxc3 8. bxc3 Be7 9. Bd3 Ba6 10. 0-0 Bxd3 11. Qxd3 d5 12. exd6 Bxd6 13. c4 Nd7 14. Bb2 0-0 15. Rfe1 Be7 16. Rad1 Bf6 17. Nd2 Be7 18. Qg3 Qb8 19. Qh3 Re8 20. d5 Nc5 21. Qg4 Bf8 22. Nf3 exd5 23. Nh4 Nd3 24. Nf5 Qf4 25. Qxf4 Rxe1+ 26. Rxe1 Nxf4 27. cxd5 Nxd5 28. Rd1 Nf4 29. g3 Ne6 30. Rd7 Bc5 31. Bxg7 Nxg7 32. Nh6+ Kh8 33. Nxf7+ Kg8 34. Nh6+ Kh8 35. Nf7+ Kg8 36. Nh6+ Kh8 1/2-1/2

[Event "BCF-chT3 1011 (4NCL)"]
[Site "England"]
[Date "2011.05.01"]
[Round "10.34"]
[White "Taylor Bowd, Philip J"]
[Black "Tippleston, Charles E"]
[Result "1/2-1/2"]
[WhiteElo "2033"]
[BlackElo "2150"]
[PlyCount "93"]
[EventDate "2010.11.06"]
[EventType "team-swiss"]
[EventRounds "9"]
[EventCountry "ENG"]
[SourceTitle "EXT 2012"]
[Source "ChessBase"]
[SourceDate "2011.11.24"]
[SourceVersion "1"]
[SourceVersionDate "2011.11.24"]
[SourceQuality "1"]
[WhiteTeam "Wessex II"]
[BlackTeam "FCA Solutions"]
[WhiteTeamCountry "ENG"]
[BlackTeamCountry "ENG"]

1. e4 c5 2. Nc3 Nc6 3. Bb5 Nd4 4. Bc4 e6 5. Nge2 Nf6 6. 0-0 a6 7. d3 b5 8. Bb3 Nxb3 9. axb3 b4 10. Nb1 Bb7 11. f4 d6 12. Nd2 Be7 13. Nf3 Qb6 14. Kh1 h5 15. Be3 Qc6 16. Bg1 Nd7 17. Bf2 d5 18. e5 d4 19. Bh4 Bxh4 20. Nxh4 0-0-0 21. c3 dxc3 22. bxc3 g5 23. fxg5 Nxe5 24. cxb4 Rxd3 25. Qe1 Re3 26. bxc5 Ng6 27. Nf3 Ne5 28. Nh4 Rd8 29. Rd1 Rxd1 30. Qxd1 Rd3 31. Qe1 Re3 32. Qd2 Rh3 33. Nd4 Qd5 34. Nhf3 Nxf3 35. Rxf3 Rxf3 36. Nxf3 Qxb3 37. Qd6 Qb1+ 38. Ng1 Qe4 39. Qf8+ Kc7 40. Qxf7+ Kb8 41. Qf8+ Ka7 42. Qf2 Qf5 43. Nf3 Qb1+ 44. Ng1 Qf5 45. Nf3 Qb1+ 46. Ng1 Qf5 47. Nf3 1/2-1/2

[Event "BCF-chT3 1011 (4NCL)"]
[Site "England"]
[Date "2011.02.19"]
[Round "5.35"]
[White "Tippleston, Charles E"]
[Black "Reid, John1111"]
[Result "1-0"]
[WhiteElo "2150"]
[BlackElo "2035"]
[PlyCount "99"]
[EventDate "2010.11.06"]
[EventType "team-swiss"]
[EventRounds "9"]
[EventCountry "ENG"]
[SourceTitle "EXT 2012"]
[Source "ChessBase"]
[SourceDate "2011.11.24"]
[SourceVersion "1"]
[SourceVersionDate "2011.11.24"]
[SourceQuality "1"]
[WhiteTeam "FCA Solutions"]
[BlackTeam "Hackney"]
[WhiteTeamCountry "ENG"]
[BlackTeamCountry "ENG"]

1. e4 c5 2. c3 d6 3. d4 Nf6 4. Bd3 g6 5. dxc5 dxc5 6. e5 Ng4 7. Bb5+ Nc6 8. Qxd8+ Kxd8 9. f4 Kc7 10. Nf3 f6 11. h3 Nh6 12. 0-0 Nf7 13. Bc4 Ncd8 14. Re1 f5 15. a4 Be6 16. Na3 Rg8 17. Be3 Bxc4 18. Nxc4 Ne6 19. h4 h6 20. Kf2 Rd8 21. g3 g5 22. Rad1 gxf4 23. Bxf4 Rxd1 24. Rxd1 Nxf4 25. gxf4 Rg4 26. Ne3 Rg8 27. Nxf5 e6 28. Ne3 Kc6 29. h5 b6 30. Rg1 Rxg1 31. Nxg1 a6 32. Kf3 b5 33. axb5+ axb5 34. Ke4 Kd7 35. Nf3 Nd8 36. Nh4 c4 37. Ng6 Bc5 38. Ng4 Nf7 39. Nh4 Ke8 40. Nf3 Kd7 41. Nd4 Bxd4 42. Kxd4 Kc6 43. Ne3 Nd8 44. Nc2 Nb7 45. Ne3 Nd8 46. Ke4 Nf7 47. Nc2 Nd8 48. f5 Kc5 49. Nd4 exf5+ 50. Kxf5 1-0

[Event "BCF-chT2b 0910 (4NCL)"]
[Site "England"]
[Date "2010.02.20"]
[Round "5.1"]
[White "Tippleston, Charles E"]
[Black "Mason, Donald"]
[Result "0-1"]
[WhiteElo "2137"]
[BlackElo "2255"]
[PlyCount "81"]
[EventDate "2009.10.24"]
[EventType "team-tourn"]
[EventRounds "11"]
[EventCountry "ENG"]
[SourceTitle "EXT 2010"]
[Source "ChessBase"]
[SourceDate "2010.11.25"]
[SourceVersion "1"]
[SourceVersionDate "2010.11.25"]
[SourceQuality "1"]
[WhiteTeam "FCA Solutions"]
[BlackTeam "Warwicks Select"]
[WhiteTeamCountry "ENG"]
[BlackTeamCountry "ENG"]

1. e4 c5 2. Nf3 d6 3. d4 cxd4 4. Nxd4 Nf6 5. Nc3 a6 6. Bc4 e6 7. Bb3 Nbd7 8. 0-0 Nc5 9. f4 Ncxe4 10. Nxe4 Nxe4 11. f5 d5 12. fxe6 Bxe6 13. Nxe6 fxe6 14. Qh5+ g6 15. Qe5 Kd7 16. Be3 Be7 17. Rad1 Nd6 18. c4 Rf8 19. Rxf8 Qxf8 20. cxd5 exd5 21. Qxd5 Kc7 22. Rc1+ Kb8 23. Bd1 a5 24. Be2 a4 25. Bb6 Bd8 26. Bc5 Bc7 27. Bf3 Qe7 28. Qg8+ Qe8 29. Qxh7 Ra6 30. Bf2 Bb6 31. Qh4 Nf5 32. Qf4+ Ka7 33. Bxb6+ Rxb6 34. Qd2 Qb5 35. Rc2 Rd6 36. Qf2+ Nd4 37. Be4 Qb6 38. h3 Nxc2 39. Qxb6+ Kxb6 40. Bxc2 Ka5 41. Kh2 0-1

[Event "BCF-chT2b 0809 (4NCL)"]
[Site "Hinckley Island"]
[Date "2009.01.17"]
[Round "5.1"]
[White "Tippleston, Charles E"]
[Black "Povah, Nigel Edward"]
[Result "0-1"]
[WhiteElo "2167"]
[BlackElo "2324"]
[PlyCount "96"]
[EventDate "2008.10.04"]
[EventType "team-tourn"]
[EventRounds "7"]
[EventCountry "ENG"]
[SourceTitle "EXT 2010"]
[Source "ChessBase"]
[SourceDate "2010.11.25"]
[SourceVersion "1"]
[SourceVersionDate "2010.11.25"]
[SourceQuality "1"]
[WhiteTeam "FCA Solutions"]
[BlackTeam "Guildford III"]
[WhiteTeamCountry "ENG"]
[BlackTeamCountry "ENG"]

1. e4 d5 2. exd5 Nf6 3. d4 Bg4 4. Bb5+ Nbd7 5. Be2 Bxe2 6. Qxe2 Nxd5 7. Nf3 e6 8. 0-0 Be7 9. c4 N5f6 10. Nc3 0-0 11. Re1 Re8 12. Bf4 c6 13. Rad1 Qa5 14. Ne5 Rad8 15. Rd3 Nf8 16. Red1 Ng6 17. Bg3 Qa6 18. b3 Qa5 19. h4 Bb4 20. Nb1 Ne7 21. c5 Qa6 22. Nc4 Nf5 23. Be5 Nd5 24. a3 Ba5 25. h5 Bc7 26. Bxc7 Nxc7 27. g4 Ne7 28. h6 Ng6 29. Qf3 Nd5 30. Nd6 Re7 31. hxg7 Kxg7 32. g5 Ndf4 33. R3d2 Rf8 34. Ne4 Rh8 35. Nf6 h6 36. Nh5+ Nxh5 37. Qxh5 hxg5 38. Qxg5 Rd7 39. Rd3 Rd5 40. Qg3 Rhh5 41. Qe3 Rdg5+ 42. Kf1 Rf5 43. Nc3 Nf4 44. Ne2 Rh1+ 45. Ng1 Rg5 46. Qxf4 Rgxg1+ 47. Ke2 Rxd1 48. Qg4+ Kf8 0-1

[Event "BCF-chT2b 0809 (4NCL)"]
[Site "Hinckley Island"]
[Date "2008.12.07"]
[Round "4.2"]
[White "Tippleston, Charles E"]
[Black "Burton, Graham P"]
[Result "1/2-1/2"]
[WhiteElo "2167"]
[BlackElo "2061"]
[PlyCount "86"]
[EventDate "2008.10.04"]
[EventType "team-tourn"]
[EventRounds "7"]
[EventCountry "ENG"]
[SourceTitle "EXT 2010"]
[Source "ChessBase"]
[SourceDate "2010.11.25"]
[SourceVersion "1"]
[SourceVersionDate "2010.11.25"]
[SourceQuality "1"]
[WhiteTeam "FCA Solutions"]
[BlackTeam "South Wales Dragons II"]
[WhiteTeamCountry "ENG"]
[BlackTeamCountry "ENG"]

1. e4 c5 2. c3 Nf6 3. e5 Nd5 4. d4 cxd4 5. cxd4 e6 6. Nf3 d6 7. Bc4 Nb6 8. Bd3 Nc6 9. Nc3 dxe5 10. dxe5 Nb4 11. Be4 Qxd1+ 12. Kxd1 Be7 13. Ke2 0-0 14. Rd1 f5 15. Bb1 N6d5 16. Nxd5 Nxd5 17. a3 Bd7 18. Ba2 Ba4 19. Rd4 Bb5+ 20. Ke1 Bc6 21. Bd2 h6 22. Rc4 Nb6 23. Rcc1 Bd5 24. Nd4 Bxa2 25. Rxa2 Rfc8 26. Nxe6 Rxc1+ 27. Bxc1 Rc8 28. Bd2 Nd7 29. Bc3 Kf7 30. Nf4 Nc5 31. Ra1 Ne4 32. Ne2 Bc5 33. f3 Nxc3 34. bxc3 Ke6 35. f4 g5 36. g3 gxf4 37. gxf4 Rg8 38. Kf1 Rd8 39. a4 b6 40. Nd4+ Bxd4 41. Rd1 Rc8 42. Rxd4 Rxc3 43. Rd6+ Ke7 1/2-1/2

[Event "BCF-chT2b 0809 (4NCL)"]
[Site "Hinckley Island"]
[Date "2008.12.06"]
[Round "3.2"]
[White "Rutter, Nicholas J"]
[Black "Tippleston, Charles E"]
[Result "1/2-1/2"]
[WhiteElo "2177"]
[BlackElo "2167"]
[PlyCount "86"]
[EventDate "2008.10.04"]
[EventType "team-tourn"]
[EventRounds "7"]
[EventCountry "ENG"]
[SourceTitle "EXT 2010"]
[Source "ChessBase"]
[SourceDate "2010.11.25"]
[SourceVersion "1"]
[SourceVersionDate "2010.11.25"]
[SourceQuality "1"]
[WhiteTeam "Wessex"]
[BlackTeam "FCA Solutions"]
[WhiteTeamCountry "ENG"]
[BlackTeamCountry "ENG"]

1. e4 c5 2. Nf3 e6 3. d4 cxd4 4. Nxd4 Nf6 5. Nc3 Nc6 6. Ndb5 d6 7. Bf4 e5 8. Bg5 a6 9. Na3 b5 10. Bxf6 gxf6 11. Nd5 f5 12. c3 Bg7 13. exf5 Bxf5 14. Nc2 0-0 15. Nce3 Bd7 16. Bd3 f5 17. Bc2 Rb8 18. Qh5 e4 19. Nf4 Qe8 20. Bb3+ Kh8 21. Rd1 Qxh5 22. Nxh5 Be5 23. g3 Na5 24. Nf4 b4 25. 0-0 bxc3 26. bxc3 Nxb3 27. axb3 Rxb3 28. c4 Rc8 29. Rd5 Bc6 30. Ra5 Bb7 31. Rd1 Rf8 32. Rc1 Bc8 33. Rd1 Rb8 34. Ned5 Rf7 35. c5 dxc5 36. Rxc5 Bb7 37. Ne3 Re8 38. Nh5 Bb8 39. Rxf5 Rxf5 40. Nxf5 Rf8 41. Nh6 e3 42. Nf7+ Kg8 43. Nh6+ Kh8 1/2-1/2